000 00752cam a22002533a 4500
001 3036
003 PGUSA
005 20140828083025.0
008 020101s2002||||xxu|||||s|||||000 | eng d
040 _aPGUSA
_beng
042 _adc
050 4 _aHE
050 4 _aE151
100 1 _aMoody, John,
_d1868-1958
245 1 4 _aThe Railroad Builders :
_bA Chronicle of the Welding of the States
_h[electronic resource] /
_cJohn Moody
260 _bProject Gutenberg,
_c2002
500 _aChronicles of America series; v. 38
506 _aPublic domain in the USA.
516 _aElectronic text
653 _aRailroads -- United States -- History
830 0 _aProject Gutenberg
_v3036
856 4 0 _uhttp://www.gutenberg.org/ebooks/3036
942 _cEB
999 _c232365
_d232365